| 000 | 01060nam0a2200325 4500 | ||
|---|---|---|---|
| 001 | RU\NLR\bibl\1135369 | ||
| 005 | 20260405142342.0 | ||
| 010 |
_a978-5-9533-2431-1 _95000 |
||
| 021 |
_aRU _b2007-57915 _93078 |
||
| 035 | _a(NLR Aleph) 001122254 | ||
| 090 |
_a1305529 _c1305529 |
||
| 100 | _a20071003d2007 |||y0rusy50 ca | ||
| 101 | 0 | _arus | |
| 102 | _aRU | ||
| 105 | _ay ||||||||| | ||
| 200 | 1 |
_aВраги _eроман _fЯ. Лович |
|
| 210 |
_aМосква _cВече _d2007 |
||
| 215 |
_a348, [2] с. _d21 |
||
| 225 | 1 | _aБѣлогвардейскiй романъ | |
| 300 | _aНа обороте тит.л. авт.: Я.Л. Лович (Дейч), прапорщик Рос. императ. армии | ||
| 686 | _aШ6(2=Р)6-4 | ||
| 700 | 1 |
_4070 _8rus _7ca _aЛович _bЯ. Л. _f1897-1956 _gЯков Львович _3RU\NLR\auth\7758297 _941229 |
|
| 801 | 0 |
_aRU _bNLR _c20071003 _gRCR |
|
| 801 | 1 |
_aRU _bNLR _c20071003 |
|
| 830 | _aавт. по кн. | ||
| 942 | _cBOOK | ||
| 980 | _aNB | ||